Unified urban development control: The Maharashtra poser (Record no. 533135)

000 -LEADER
fixed length control field 01401nam a22001337a 4500
008 - FIXED-LENGTH DATA ELEMENTS--GENERAL INFORMATION
fixed length control field 260427b ||||| |||| 00| 0 eng d
100 ## - MAIN ENTRY--PERSONAL NAME
Personal name Vedula, Aparna C. and Chavan, Priya M.
245 ## - TITLE STATEMENT
Title Unified urban development control: The Maharashtra poser
260 ## - PUBLICATION, DISTRIBUTION, ETC. (IMPRINT)
Place of publication, distribution, etc Economic & Political Weekly
300 ## - PHYSICAL DESCRIPTION
Extent 61(6), Feb 7, 2026: p.85-88
520 ## - SUMMARY, ETC.
Summary, etc Since 1979, Maharashtra’s urban development regulation has followed a distinctly expert-driven, technocratic trajectory, with development control regulations progressively standardised and unified to apply common development parameters promoting a radically higher intensity of spatial development across urban and rural geographies. This was institutionalised in 2020 through the Unified Development Control and Promotion Regulations, which centralise planning authority, undermine constitutionally mandated powers of local bodies, and impose a uniform paradigm of metropolitan built-form logics and high development intensities on small towns and rural settlements. Thereby, they marginalise need-based, incremental, and self-built forms of urbanisation and act as an instrument to compel the alignment of local development trajectories with global investment aspirations.-Reproduced

https://www.epw.in/journal/review-urban-affairs/unified-urban-development-control.html
773 ## - HOST ITEM ENTRY
Main entry heading Economic & Political Weekly
942 ## - ADDED ENTRY ELEMENTS (KOHA)
Item type Articles
Holdings
Withdrawn status Lost status Source of classification or shelving scheme Damaged status Not for loan Permanent location Current location Date acquired Serial Enumeration / chronology Barcode Date last seen Koha item type
          Indian Institute of Public Administration Indian Institute of Public Administration 2026-04-27 61(6), Feb 7, 2026: p.85-88 AR138646 2026-04-27 Articles

Powered by Koha